Statistics for Rock-cut buildings picture quiz

Click here to take the quiz!

General Stats

  • This quiz has been taken 7 times
  • The average score is 8 of 10

Answer Stats

Answer% Correct
India (Ajanta caves)
100%
Jordan (Petra)
100%
Turkey (Cappadocia rock-dwellings)
100%
Afghanistan (Bamyan)
75%
China (Yungang grottoes)
75%
Indonesia (Gunung Kawi)
75%
Iran (Naqsh-e Rostam)
75%
Tunisia (Matmata)
75%
Ethiopia (St George's church, Lalibela)
50%
Saudi Arabia (Mada'in Saleh)
50%

Score Distribution

Percentile by Number Answered

Percent of People with Each Score

Your Score History

You have not taken this quiz